| 000 | 00690nam a2200193 i 4500 | ||
|---|---|---|---|
| 001 | 131604 | ||
| 003 | ES-MaACL | ||
| 005 | 20231229062546.0 | ||
| 007 | t| | ||
| 008 | 070214s1969 sp f |||| |bspa d | ||
| 100 | 1 |
_aRodríguez Batllori, Francisco. _998375 |
|
| 245 | 1 | 0 |
_aGaldós en su tiempo _b: (estampas de una vida) / _cFrancisco Rodríguez Batllori ; prólogo de Federico Carlos Sainz de Robles. |
| 260 |
_aMadrid : _bAugustinus, _c1969. |
||
| 300 |
_a173 p., 9 lám. ; _c24 cm. |
||
| 600 | 1 | 4 |
_aPérez Galdós, Benito, _d1843-1920- _xBiografías _990874 |
| 700 | 1 |
_aSainz de Robles, Federico Carlos, _d1898-1982 _9101593 |
|
| 852 |
_aES-MaACL _jC-37397 |
||
| 999 |
_c131604 _d131604 |
||